Causes and noise reduction possibilities of rubber bearings
Enregistré dans:
| Auteur principal: | |
|---|---|
| Autres auteurs: | |
| Format: | Manuscrit Livre |
| Langue: | slovaque anglais |
| Publié: |
2015
|
| Sujets: | |
| Accès en ligne: | http://is.stuba.sk/zp/portal_zp.pl?podrobnosti=112799 |
| Tags: |
Pas de tags, Soyez le premier à ajouter un tag!
|
MARC
| LEADER | 00000ntm a22000003a 4500 | ||
|---|---|---|---|
| 001 | stuzp52424 | ||
| 003 | SK-STU | ||
| 005 | 20160719154151.7 | ||
| 007 | ta | ||
| 008 | 150427s2015----xo-----f-mn---000-0-slo-d | ||
| 040 | |a STU |b slo | ||
| 041 | 0 | |a eng | |
| 100 | 1 | |a Kaša, Michal |u 020030 |4 aut |U SjF Strojnícka fakulta |T SjF Ústav dopravnej techniky a konštruovania |X 43784 |U J0030 |Y 806 |7 A000043784 | |
| 242 | 0 | 1 | |a Príčiny a možnosti redukcie hlučnosti silentblokov |y slo |
| 245 | 1 | 0 | |a Causes and noise reduction possibilities of rubber bearings |
| 260 | |c 2015 | ||
| 650 | 4 | |a vývoj |2 slo | |
| 650 | 4 | |a redukcia |2 slo | |
| 650 | 4 | |a hydraulický silentblok |2 slo | |
| 650 | 4 | |a konštrukcia |2 slo | |
| 650 | 4 | |a reduction |2 eng | |
| 650 | 4 | |a hydraulic bushing |2 eng | |
| 650 | 4 | |a construction |2 eng | |
| 650 | 4 | |a development |2 eng | |
| 700 | 1 | |a Danko, Ján |4 ths |X 3691 |7 A000003691 | |
| 856 | 4 | |u http://is.stuba.sk/zp/portal_zp.pl?podrobnosti=112799 | |
| 996 | |b 284J044168 |c J* 2458/DP |l JJSK |s A |a 24 |w stuzp52424_0001 | ||
| SQL | |a stuzp52424 |b DDP |c ENG |d Causes and noise reduction possibilities of rubber bearings |e 43784 |f Kaša, Michal |g 020030 |h 3691 |i Danko, Ján |j 20150618 |k 52 |l 02 |m http://is.stuba.sk/zp/portal_zp.pl?podrobnosti=112799 |n I-ALSM |o 5.2.4. motorové vozidlá, koľajové vozidlá, lode a lietadlá | ||